000 00519nam a2200193Ia 4500
008 240729s9999 xx 000 0 und d
022 _a2296-701X
245 0 _aFrontiers in Ecology and Evolution
260 _aSwitzerland
260 _bFrontiers Media S.A.
650 _a Biology (General)
650 _a Biology (General)
650 _a Ecology
650 _a Evolution | Science
650 _aScience
856 _uhttps://doaj.org/toc/893ddc037a6e4df4ae4a29fb87c0e23f
942 _2ddc
942 _cDOAJEJ
999 _c67377
_d67377
945 _a1
_bMadushi Gamage
_c1
_dMadushi Gamage